00904cam a22002891i 4500001001300000003000400013005001700017008004100034010001700075035001900092040001900111042001200130050002000142070001900162072000900181100003200190242004600222245008000268260004400348300003800392500004700430500002200477700002800499700003500527740003500562999001700597he 66000463 DLC20260227111436.0800624s1965 is ab 001 0 heb  ahe 66000463  a(OCoLC)6454559 aDLCcDNALdDLC apremarc00aQK378b.E3 19650 aQK378.E3b19650 aF7001 aEig, Alexander,d1894-1938.00aPlant nomenclature of the land of Israel.10aMagdir le-t͡simhe Eret͡s-Yisrael /cme'et A. Eig, M. Zohari, N. Feinbrun. aYerushalayim :bHamagdir,c5725 [1965]. a67, 514 p. :bill., map ;c22 cm. aAdded t.p.: Analytical flora of Palestine. aIncludes indexes.1 aZohary, Michael,d1898-2 aFeinbrun-Dothan, Naomi,d1900-0 aAnalytical flora of Palestine. c31588d31588